00561nam a2200193Ia 450000500170000000800410001702000280005804000190008604100120010508200130011710000190013024500630014926000480021230000220026050400190028265000300030170000260033185000100035720230822142733.0131103s9999 xx 000 0 und d a81-7033--691-0cRs. 795 aLoreto College aEnglish a915bTIR aTirtha, Ranjit aGeography of AsiacRanjit Tirtha. Drawings by Dale Austin. aJaipur and DelhibRawat Publications.c2001 a440p., maps 25cm. aIncludes index aRegional Geography-Asia  aTirtha, Ranjit, auth. aLCLIB